000 01355nam a2200349Ia 4500
001 ebr10135544
003 CaPaEBR
006 m u
007 cr cn|||||||||
008 031009s2004 nyu sb 001 0 eng d
010 _z 2003063202
020 _z1403980500
020 _z1403964769 (HC)
040 _aCaPaEBR
_cCaPaEBR
035 _a(OCoLC)560179430
050 1 4 _aKZ1176.5
_b.K34 2004eb
082 0 4 _a341.6/9/0268
_222
100 1 _aKahn, Robert A.
_q(Robert Andrew),
_d1963-
245 1 0 _aHolocaust denial and the law
_h[electronic resource] :
_ba comparative study /
_cRobert A. Kahn.
250 _a1st ed.
260 _aNew York :
_bPalgrave Macmillan,
_c2004.
300 _axi, 207 p.
504 _aIncludes bibliographical references (p. [161]-198) and index.
533 _aElectronic reproduction.
_bPalo Alto, Calif. :
_cebrary,
_d2009.
_nAvailable via World Wide Web.
_nAccess may be limited to ebrary affiliated libraries.
650 0 _aNuremberg Trial of Major German War Criminals, Nuremberg, Germany, 1945-1946.
650 0 _aWar crime trials.
650 0 _aHolocaust denial.
650 0 _aComparative law.
655 7 _aElectronic books.
_2local
710 2 _aebrary, Inc.
856 4 0 _uhttp://site.ebrary.com/lib/rucke/Doc?id=10135544
_zAn electronic book accessible through the World Wide Web; click to view
999 _c187919
_d187919